ON ENERGETIC PARTICLES IN SPACE

Bibliographic Details
Main Author: Kudela, Karel, 1946- (Author)
Format: Article
Language:Slovak
English

MARC

LEADER 00000nab a2200000 a 4500
001 vtls010714187
003 SK-MaSNL
005 20260304194759.0
008 250709s2009 xo |||||||||||||||||slo|
035 |a (urnnbn)urn:nbn:sk:snk:ar-a04bqy 
035 |a (uuid)b548931a-7771-4365-b002-c3084136dd78 
035 |a urn:nbn:sk:snk-ab3gpg 
040 |a SNKBUCL  |b slo  |c SNKBUCL  |e AACR2 
041 0 |a eng 
044 |a xo  |c SK 
100 1 |a Kudela, Karel,  |d 1946-  |4 aut  |9 92591 
245 1 0 |a ON ENERGETIC PARTICLES IN SPACE  |c K. Kudela 
773 0 |t Acta Physica Slovaca : fyzikálny časopis  |g Roč. 59, č. 5 (2009), s. 537-[652b] 
850 |a Slovenská národná knižnica 
852 |a Slovenská národná knižnica 
958 |a article1 
958 |a OND 
958 |a EUIPO 
999 |c 3076742  |d 3078672